000
00337nam a2200145Ia 4500
003
OSt
005
20240320115817.0
008
170523s9999 xx 000 0 und d
020
_a
978-0070077171
040
_c
iimtu meerut
100
_a
GANGULI
245
0
_a
INTELECTUAL PROPERTY RIGHTS
260
_b
TATA MC GRAW HILL
942
_2
ddc
_c
02
999
_c
1683
_d
1683